<?xml version="1.0" encoding="UTF-8"?>
<record
    xmlns:xsi="http://www.w3.org/2001/XMLSchema-instance"
    xsi:schemaLocation="http://www.loc.gov/MARC21/slim http://www.loc.gov/standards/marcxml/schema/MARC21slim.xsd"
    xmlns="http://www.loc.gov/MARC21/slim">

  <leader>00700nam a2200205Ia 4500</leader>
  <controlfield tag="003">3228</controlfield>
  <controlfield tag="005">20260128091851.0</controlfield>
  <controlfield tag="008">220630s9999    xx            000 0 und d</controlfield>
  <datafield tag="020" ind1=" " ind2=" ">
    <subfield code="a">9780792271888</subfield>
    <subfield code="q">paperback</subfield>
  </datafield>
  <datafield tag="040" ind1=" " ind2=" ">
    <subfield code="a">DLC</subfield>
    <subfield code="b">English</subfield>
    <subfield code="c">DLC</subfield>
    <subfield code="d">3228</subfield>
    <subfield code="e">rda</subfield>
  </datafield>
  <datafield tag="041" ind1=" " ind2=" ">
    <subfield code="a">English</subfield>
  </datafield>
  <datafield tag="082" ind1=" " ind2=" ">
    <subfield code="a">J 551.4617 HOOP</subfield>
  </datafield>
  <datafield tag="100" ind1=" " ind2=" ">
    <subfield code="a">HOOPER, MEREDITH</subfield>
  </datafield>
  <datafield tag="245" ind1=" " ind2="0">
    <subfield code="a">ANTARCTIC JOURNAL: </subfield>
    <subfield code="b">THE HIDDEN WORLDS OF ANTARCTICA'S ANIMALS</subfield>
    <subfield code="c">Meredith Hooper, Lucia De Leiris (Illustrator)</subfield>
  </datafield>
  <datafield tag="260" ind1=" " ind2=" ">
    <subfield code="a">Washington, D.C.:</subfield>
    <subfield code="b">National Geographic Society, </subfield>
    <subfield code="c"> 2000</subfield>
  </datafield>
  <datafield tag="300" ind1=" " ind2=" ">
    <subfield code="a"> 35 pages :</subfield>
    <subfield code="b"> illustrations (chiefly color), color maps ; </subfield>
    <subfield code="c">28 cm</subfield>
  </datafield>
  <datafield tag="521" ind1=" " ind2=" ">
    <subfield code="a">Juvenile</subfield>
  </datafield>
  <datafield tag="650" ind1=" " ind2=" ">
    <subfield code="v">Juvenile works</subfield>
    <subfield code="9">131483</subfield>
  </datafield>
  <datafield tag="942" ind1=" " ind2=" ">
    <subfield code="c">BK</subfield>
    <subfield code="2">ddc</subfield>
    <subfield code="y">19980</subfield>
    <subfield code="z">hlophe mtsweni</subfield>
  </datafield>
  <datafield tag="999" ind1=" " ind2=" ">
    <subfield code="c">736788</subfield>
    <subfield code="d">736787</subfield>
  </datafield>
  <datafield tag="952" ind1=" " ind2=" ">
    <subfield code="0">0</subfield>
    <subfield code="1">0</subfield>
    <subfield code="2">ddc</subfield>
    <subfield code="4">0</subfield>
    <subfield code="7">0</subfield>
    <subfield code="8">500</subfield>
    <subfield code="a">KWAML</subfield>
    <subfield code="b">KWAPL</subfield>
    <subfield code="c">GEN</subfield>
    <subfield code="d">2022-11-10</subfield>
    <subfield code="l">0</subfield>
    <subfield code="o">J 551.4617 HOOP</subfield>
    <subfield code="p">33228031054720</subfield>
    <subfield code="r">2022-11-10</subfield>
    <subfield code="w">2022-11-10</subfield>
    <subfield code="y">BK</subfield>
  </datafield>
  <datafield tag="952" ind1=" " ind2=" ">
    <subfield code="0">0</subfield>
    <subfield code="1">0</subfield>
    <subfield code="2">ddc</subfield>
    <subfield code="4">0</subfield>
    <subfield code="7">0</subfield>
    <subfield code="a">MBOMRL</subfield>
    <subfield code="b">KOMAL</subfield>
    <subfield code="c">GEN</subfield>
    <subfield code="d">2023-07-13</subfield>
    <subfield code="l">0</subfield>
    <subfield code="o">J 551.4617 HOOP</subfield>
    <subfield code="p">33228031163848</subfield>
    <subfield code="r">2023-07-13</subfield>
    <subfield code="w">2023-07-13</subfield>
    <subfield code="y">BK</subfield>
  </datafield>
  <datafield tag="952" ind1=" " ind2=" ">
    <subfield code="0">0</subfield>
    <subfield code="1">0</subfield>
    <subfield code="2">ddc</subfield>
    <subfield code="4">0</subfield>
    <subfield code="7">0</subfield>
    <subfield code="a">LYDEL</subfield>
    <subfield code="b">MAFEL</subfield>
    <subfield code="c">Non_Fiction</subfield>
    <subfield code="d">2023-09-06</subfield>
    <subfield code="l">1</subfield>
    <subfield code="o">J 551.4617 HOOP</subfield>
    <subfield code="p">33228031029304</subfield>
    <subfield code="r">2025-04-25</subfield>
    <subfield code="s">2025-04-25</subfield>
    <subfield code="w">2023-09-06</subfield>
    <subfield code="y">BK</subfield>
  </datafield>
  <datafield tag="952" ind1=" " ind2=" ">
    <subfield code="0">0</subfield>
    <subfield code="1">0</subfield>
    <subfield code="2">ddc</subfield>
    <subfield code="4">0</subfield>
    <subfield code="7">0</subfield>
    <subfield code="8">500</subfield>
    <subfield code="a">MKHWL</subfield>
    <subfield code="b">MKHWL</subfield>
    <subfield code="c">Non_Fiction</subfield>
    <subfield code="d">2024-11-22</subfield>
    <subfield code="l">0</subfield>
    <subfield code="o">J 551.4617 HOOP</subfield>
    <subfield code="p">33228031141552</subfield>
    <subfield code="r">2024-11-22</subfield>
    <subfield code="w">2024-11-22</subfield>
    <subfield code="y">BK</subfield>
  </datafield>
  <datafield tag="952" ind1=" " ind2=" ">
    <subfield code="0">0</subfield>
    <subfield code="1">0</subfield>
    <subfield code="2">ddc</subfield>
    <subfield code="4">0</subfield>
    <subfield code="7">0</subfield>
    <subfield code="8">500</subfield>
    <subfield code="a">MKHWL</subfield>
    <subfield code="b">MKHWL</subfield>
    <subfield code="c">Non_Fiction</subfield>
    <subfield code="d">2024-11-22</subfield>
    <subfield code="l">0</subfield>
    <subfield code="o">J 551.4617 HOOP</subfield>
    <subfield code="p">33228031141600</subfield>
    <subfield code="r">2024-11-22</subfield>
    <subfield code="w">2024-11-22</subfield>
    <subfield code="y">BK</subfield>
  </datafield>
</record>
